Ekonomika obchodného podniku

Bibliographic Details
Main Authors: Strážovská, Helena, 1934- (Author), Pachingerová, Mária, 1942- (Author), Strážovská, Ľubomíra, 1968- (Author), Vernayová, Drahomíra (Author)
Format: Book
Language:Slovak
PhysicalDescription:398 s. grafy, tab. 21 cm
Published: Bratislava Sprint 2005
ISBN:8089085393
Edition:[1. vyd.]
Subjects:

MARC

LEADER 00000nam a2200000 a 4500
001 vtls008183005
003 SK-MaSNL
005 20260302041038.0
008 240318s2005 xo dl d p 000 0dslo
015 |a SNBA2005/10-04147 
020 |a 8089085393  |q (brož.) 
035 |a urn:nbn:sk:snk-am00a0gl 
035 |a urn:nbn:sk:snk-am3hc6g 
035 |a 5CC3C135-B829-4B0F-961A-0258D8B0C35D 
040 |a SNK  |b slo  |c SNK  |e AACR2 
041 0 |a slo 
072 7 |a 334  |x Formy organizácie a spolupráce v ekonomike  |2 konspekt 
080 |a 33  |2 MDT-MRF 
080 |a (075)  |2 MDT-MRF 
080 |a 334.711  |2 MDT-MRF 
100 1 |a Strážovská, Helena,  |d 1934-  |4 aut  |9 199836 
245 1 0 |a Ekonomika obchodného podniku  |c Helena Strážovská a kolektív 
250 |a [1. vyd.] 
260 |a Bratislava  |b Sprint  |c 2005 
300 |a 398 s.  |b grafy, tab.  |c 21 cm 
504 |a Bibliogr. s. 394-398. Biogr. údaje 
650 0 7 |a obchodné podniky  |2 SNKPH  |9 49802 
650 0 7 |a ekonómia  |2 SNKPH  |9 788 
655 7 |a učebnice  |2 SNKPH  |9 22521 
700 1 |a Pachingerová, Mária,  |d 1942-  |4 aut  |9 89502 
700 1 |a Strážovská, Ľubomíra,  |d 1968-  |4 aut  |9 199834 
700 1 |a Vernayová, Drahomíra  |4 aut  |9 47587 
919 |a 80-89085-39-3 
958 |a OND 
968 |d 33 
999 |c 1077157  |d 1079087 
952 |a SNK  |b SNK  |y PREZ  |7 0  |p 17A0476958  |o snkSC 120644  |i snk2005/11746  |8 0  |0 0  |1 0  |4 0  |d 2005-07-07  |f 1  |l 0  |r 2025-05-30 00:00:00  |w 2026-02-24 
952 |a SNK  |b SNK  |y VYP  |7 0  |p 17A0476963  |o snkSC 120644 D1  |i snk2005/11747  |8 0  |0 0  |1 0  |4 0  |d 2005-07-07  |l 0  |r 2026-02-24 16:14:25  |w 2026-02-24